Loading...
Maps &more:Karnataka
| Hovedforfatter: | |
|---|---|
| Format: | Printed Book |
| Udgivet: |
StarkWorld
2007
|
| Fag: |
| LEADER | 00420nam a2200193 4500 | ||
|---|---|---|---|
| 020 | |c Rs.225.00 | ||
| 082 | |||
| 100 | |a Stark world | ||
| 245 | |a Maps &more:Karnataka | ||
| 250 | |||
| 260 | |a StarkWorld |c 2007 | ||
| 300 | |||
| 490 | |||
| 500 | |||
| 590 | |c Rs.225.00 | ||
| 650 | |a travel guide | ||
| 942 | |c BK | ||
| 999 | |c 92079 |d 92079 | ||
| 952 | |0 0 |1 0 |4 0 |7 0 |9 105547 |a ZGY |b ZGY |g 0.00 |l 0 |p ZGY04614 |r 2019-09-25 |w 2019-09-25 |y BK | ||